Statystyki dla Wszyscy uczestnicy Wyspy totalnej porażki

Kliknij tutaj aby rozwiązać quiz!

Ogólne statystyki

  • Ten quiz został rozwiązany 252 razy
    (239 od ostatniego zresetowania)
  • Średni wynik to 16 z 22

Statystyki odpowiedzi

DrużynaUczestnicy% Poprawnych
Wrzeszczące SusłyOwen
94%
Wrzeszczące SusłyGwen
92%
Zabójcze OkonieDuncan
89%
Wrzeszczące SusłyHeather
86%
Zabójcze OkonieHarold
77%
Zabójcze OkonieDJ
76%
Wrzeszczące SusłyNoah
76%
Zabójcze OkonieEzekiel
75%
Zabójcze OkonieCourtney
74%
Zabójcze OkonieIzzy
74%
Wrzeszczące SusłyLeshawna
74%
Wrzeszczące SusłyTrent
73%
Wrzeszczące SusłyCody
72%
Zabójcze OkonieEva
72%
Wrzeszczące SusłyBeth
71%
Wrzeszczące SusłyLindsay
68%
Wrzeszczące SusłyJustin
66%
Wrzeszczące SusłyKatie
66%
Zabójcze OkonieTyler
66%
Zabójcze OkonieBridgette
65%
Zabójcze OkonieGeoff
62%
Zabójcze OkonieSadie
62%

Rozkład punktacji

Percentyl według liczby udzielonych odpowiedzi

Procent ludzi z każdym wynikiem

Twoja historia wyników

Nie rozwiązałeś tego quizu od ostatniego zresetowania